000 00713nam a2200265Ia 4500
003 OSt
005 20221005052520.0
006 a|||||r|||| 00| 0
007 ta
008 221004b |||||||| |||| 00| 0 eng d
020 _a1857152204
024 _a26727
037 _cTextual
040 _aCRL
_cCRL
_beng
041 _2eng
_aeng
082 _aO111,3NHE,1, N5
100 _aHeller Joseph
245 0 _aCatch- 22 with an introduction by Malcolm Bradbury
260 _aLondon
_bDavid Campbell UK
_c1995
300 _a568p.
_ccm.
650 _a ENGLISH LITERATURE
650 _aENGLISH FICTION
942 _hO111,3NHE,1, N5
_cTEXL
_2cc
999 _c960537
_d960537